Monarquías de Europa - ¡Muerte súbita! - Estadísticas

Estadísticas generales
  • Esta prueba ha sido intentada 379 veces
  • La puntuación promedio es 7 de 11
Answers on the Grid
Answers color-coded by a green-red scale on the quiz's grid according to % correct below.
Albania
Austria
Bélgica
Bulgaria
Ciudad del Vaticano
Croacia
Dinamarca
Finlandia
Francia
Alemania
Grecia
Italia
Liechtenstein
Lituania
Luxemburgo
Mónaco
Noruega
Países Bajos
Polonia
Reino Unido
República Checa
Rumanía
San Marino
Serbia
Eslovaquia
Eslovenia
España
Suecia
Suiza
Hungría
 
Estadísticas de respuestas
Respuesta % Correcto
Reino Unido
87%
España
86%
Dinamarca
72%
Mónaco
68%
Países Bajos
68%
Noruega
65%
Suecia
64%
Luxemburgo
60%
Bélgica
58%
Liechtenstein
56%
Ciudad del Vaticano
45%
No se encontraron pruebas coincidentes
Distribución de puntuación
Porcentaje de gente con cada puntuación
Porcentaje por número respondido
Historial de tus puntuaciones
No has intentado esta prueba.